Éthiques de l’écriture XIXe -XXe siècles. Textes réunis et présentés par MICHELE FINCK et GISÈLE SEGINGER. Vives Lettres, n° 12, second semestre 2001. Strasbourg, Université Marc Bloch. Un vol. 20,5 × 14,5 de 246 p. ISSN 1272-842X. (notice n° 1661108)
[ vue normale ]
| 000 -LEADER | |
|---|---|
| fixed length control field | 00716cam a2200145 4500500 |
| 005 - DATE AND TIME OF LATEST TRANSACTION | |
| control field | 20260208020906.0 |
| 041 ## - LANGUAGE CODE | |
| Language code of text/sound track or separate title | fre |
| 042 ## - AUTHENTICATION CODE | |
| Authentication code | dc |
| 100 10 - MAIN ENTRY--PERSONAL NAME | |
| Personal name | Scepi, Henri |
| Relator term | author |
| 245 00 - TITLE STATEMENT | |
| Title | Éthiques de l’écriture XIXe -XXe siècles. Textes réunis et présentés par MICHELE FINCK et GISÈLE SEGINGER. Vives Lettres, n° 12, second semestre 2001. Strasbourg, Université Marc Bloch. Un vol. 20,5 × 14,5 de 246 p. ISSN 1272-842X. |
| 260 ## - PUBLICATION, DISTRIBUTION, ETC. | |
| Date of publication, distribution, etc. | 2003.<br/> |
| 500 ## - GENERAL NOTE | |
| General note | 40 |
| 786 0# - DATA SOURCE ENTRY | |
| Note | Revue d'histoire littéraire de la France | 103 | 4 | 2003-09-01 | p. 951zzb-1022zzb | 0035-2411 |
| 856 41 - ELECTRONIC LOCATION AND ACCESS | |
| Uniform Resource Identifier | <a href="https://shs.cairn.info/revue-d-histoire-litteraire-de-la-france-2003-4-page-951zzb?lang=fr&redirect-ssocas=7080">https://shs.cairn.info/revue-d-histoire-litteraire-de-la-france-2003-4-page-951zzb?lang=fr&redirect-ssocas=7080</a> |
Pas d'exemplaire disponible.




Réseaux sociaux